| 000 | 00809cam a2200241 4500 | ||
|---|---|---|---|
| 001 | ABS62613 | ||
| 008 | 000000n2000 000 0 eng u | ||
| 035 | _a(Sirsi) u107550 | ||
| 100 | _aMeredith, S. | ||
| 245 | _aTaking the initiative | ||
| 260 | _c2000 | ||
| 490 |
_aEstates Gazette _v(0026) 1 July 2000, 144(1) |
||
| 520 | _aExplores the growing significance of Private Finance Initiative schemes, and considers their intended value. Covers PFI structures, the role of tax in PFI projects and Treasury taskforce guidelines. | ||
| 590 | _aABS | ||
| 650 | _aPFI PROJECTS | ||
| 650 | _aRISK | ||
| 650 | _aTREASURY TASKFORCE | ||
| 650 | _aCAPITAL PROJECTS | ||
| 650 | _aVALUE FOR MONEY | ||
| 690 | _aMANAGEMENT-BUSINESS MANAGEMENT-FINANCIAL MANAGEMENT | ||
| 700 | _aElphicke, C. | ||
| 942 | _n0 | ||
| 999 |
_c64281 _d64281 |
||